000 00797nam a22001457a 4500
008 110610t xxu||||| |||| 00| 0 eng d
245 _aSupreme Court Civil Appeal No.25 of 1995 Milton Obote Foundation Vs Kennon Tradin Limited
260 _c1995
500 _aCORAM: Odoki , J.S.C., Oder, J.S.C. & Tsekooko , J.S.C.
500 _aAppeal from the judgment and decree of the High Court of Uganda at Kampala Rajasingham O.C.J. dated 27/Sep. ,1994.
999 _c2550
_d2550